000 01096nam a22003257a 4500
003 CHAP
005 20220329134431.0
008 971013s1973 r 00010 d
010 _a20443
011 _a21415
035 _a25505
040 _cCHAP
090 _aTesis
100 0 0 _aArellano Hernández, Marcos.
_96912
245 _aProyecto de aprovechamiento de los bosques ejidales de la Unidad de ordenación El Salto, Dgo.
_b: producción de contrachapados
260 _aMéxico, D.F., :
_bel autor,
_c1973
300 _a176 p.
_b: ilus
502 _aTesis (Lic. en Economía) -- IPN. Esc. Sup. de Economía
590 _aALEPH
_b10
_c20130110
_lUCH01
_h1243
590 _aBATCH-UPD
_b10
_c20130110
_lUCH01
_h1743
590 _aBATCH-UPD
_b10
_c20130410
_lUCH01
_h1122
590 _aBATCH-UPD
_b10
_c20130914
_lUCH01
_h0709
590 _aCONVERSION
_b10
_c20130109
_lUCH01
_h1312
650 1 4 _aBosques
_xUtilización.
_914405
650 1 4 _aEjidos forestales.
_936042
650 1 4 _aTriplay
_xManufactura.
_9115172
901 _aBK
942 _cTESIS
949 _bBC
_cTES
_d-58823
_eTS1
_i25505
_si
999 _c20443
_d20443